000 00358nam a2200121Ia 4500
008 220620s9999||||xx |||||||||||||| ||und||
245 0 _aOrganic Polymers
546 _aEnglish[eng]
650 _aPolymer chemistry
700 _aSand, Arpit||Zaki, Elsayed
856 _uhttps://mts.intechopen.com/storage/books/8357/authors_book/authors_book.pdf
942 _cEB
999 _c30064
_d30064